1933 1871 1978 1397 1293 1115 1128 1240 1017 1447 1015 1322 1339 1239 1537 1459 1572 1254 1665 1068 1440 1147 1821 1272 1839 1497 1666 1307 1869 1415 1385 1876 1203 1507 1780 1827 1759 1789 1361 1418 1781 1053 1734 1451 1908 1008 1739 1250 1012 1810 1332 1013 1611 1670 1864 1172 1002 1090 1587 1339 1408 1788 1231 1088 1795 1037 1536 1218 1854 1118 1977 1361 1517 1716 1994 1599 1404 1548 1423 1881 1536 1344 1970 1217 1451 1540 1627 1407 1353 1246 1179 1749 1231 1218 1934 1872 1016 1541 1779 BCNSPRNW ULIB Ver.6.0+V

เปลี่ยนเป็นภาษาไทย

Change to English
 แสดงรายละเอียดบรรณานุกรม
  กลับหน้าหลัก

Brief Record : Get Marc (ISO 2709) : E-mail record : QR code < ปิดหน้าต่าง
LEADER : 00000nam 2200000uu 4500
001    13399124385
003     ULIB
008    020711s2557 th a 000 0 tha d
060    WT166^bส927
110    สถาบันพระบรมราชชนก
245    เกร็ดความรู้จากศูนย์ความเป็นเลิศทางวิชาการด้านสุขภาพ วิทยาลัยในสังกัดสถาบันพระบรมราชชนก/^cสถาบันพระบรมราชชนก
260    นนทบุรี :^bสถาบันพระบรมราชชนก,^c2557
300    59 หน้า;^b21 ซม.
650    สมองเสื่อม
650    ปัสสาวะเล็ดราด
650    เบาหวาน^xความปวด
945    ^p0^l0^i039461
945    ^p0^l0^i039462
945    ^p0^l0^i039463
945    ^p0^l0^i039464
945    ^p0^l0^i039465
945    ^p0^l0^i039466
รายการนี้ยังไม่มีแท็ก
คุณยังไม่ได้ล็อกอิน คุณสามารถมีกิจกรรมร่วมกับเว็บไซต์ได้ แต่ต้องล็อกอินก่อน ::
  ล็อกอิน

รายการสื่อสารสนเทศ

ลำดับที่ ประเภท เลขเรียก/บาร์โค้ด สถานที่ สถานะ
1. วิทยาศาสตร์การแพทย์ และสุขภาพ
วิทยาศาสตร์การแพทย์ และสุขภาพ
สถานะ=หนังสือเก่า
WT166 ส927 ฉ.1 
  Barcode: 039461
ห้องสมุดวิทยาเขตสวรรค์ประชารักษ์
►ส่วนจัดเก็บหนังสือเก่า สปร
บนชั้น
  ขอยืม
2. วิทยาศาสตร์การแพทย์ และสุขภาพ
วิทยาศาสตร์การแพทย์ และสุขภาพ
สถานะ=หนังสือเก่า
WT166 ส927 ฉ.2 
  Barcode: 039462
ห้องสมุดวิทยาเขตสวรรค์ประชารักษ์
►ส่วนจัดเก็บหนังสือเก่า สปร
บนชั้น
  ขอยืม
3. วิทยาศาสตร์การแพทย์ และสุขภาพ
วิทยาศาสตร์การแพทย์ และสุขภาพ
สถานะ=หนังสือเก่า
WT166 ส927 ฉ.3 
  Barcode: 039463
ห้องสมุดวิทยาเขตสวรรค์ประชารักษ์
►ส่วนจัดเก็บหนังสือเก่า สปร
บนชั้น
  ขอยืม
4. วิทยาศาสตร์การแพทย์ และสุขภาพ
วิทยาศาสตร์การแพทย์ และสุขภาพ
สถานะ=หนังสือเก่า
WT166 ส927 ฉ.4 
  Barcode: 039464
ห้องสมุดวิทยาเขตสวรรค์ประชารักษ์
►ส่วนจัดเก็บหนังสือเก่า สปร
บนชั้น
  ขอยืม
5. วิทยาศาสตร์การแพทย์ และสุขภาพ
วิทยาศาสตร์การแพทย์ และสุขภาพ
สถานะ=หนังสือเก่า
WT166 ส927 ฉ.5 
  Barcode: 039465
ห้องสมุดวิทยาเขตสวรรค์ประชารักษ์
►ส่วนจัดเก็บหนังสือเก่า สปร
บนชั้น
  ขอยืม
6. วิทยาศาสตร์การแพทย์ และสุขภาพ
วิทยาศาสตร์การแพทย์ และสุขภาพ
สถานะ=หนังสือเก่า
WT166 ส927 ฉ.6 
  Barcode: 039466
ห้องสมุดวิทยาเขตสวรรค์ประชารักษ์
►ส่วนจัดเก็บหนังสือเก่า สปร
บนชั้น
  ขอยืม

รายการใกล้เคียง
    หัวเรื่อง [สมองเสื่อม]

BibComment


ยังไม่เคยถูกคอมเมนท์

คอมเมนท์ทรัพยากรรายการนี้
  คอมเมนท์: เกร็ดความรู้จากศู..


 Copyright 2026. Bcnsprnw @Library